| 000 | 01528cam a2200361 4500 | ||
|---|---|---|---|
| 001 | braueroilsgouach00brau | ||
| 003 | CaSfIA | ||
| 005 | 20210117221602.0 | ||
| 007 | cr|||| | ||
| 008 | 711220s1971 nyua 000 0 eng | ||
| 010 | _a 71198394 | ||
| 040 |
_aDLC _cDLC _dUIU _dOCLCQ _dOCLCG _dSTF _dLGG _dCaSfIA |
||
| 035 | _a(OCoLC)216745 | ||
| 050 | 0 |
_aN6811.5.B7 _bM3 |
|
| 082 | _a759.39 | ||
| 100 | 1 |
_aBrauer, Erich, _d1929- |
|
| 245 | 1 | 0 |
_aBrauer: oils, gouaches, watercolours, and etchings. _h[electronic resource] |
| 260 |
_a[New York, _bMarlborough Gallery, _c1971] |
||
| 300 |
_a46 p. _billus. (part col.) _c30 cm. |
||
| 500 | _a"Cat. no. 290." | ||
| 500 | _aExhibition held at Marlborough Gallery, New York, Sept. 1971. | ||
| 500 | _aErrata slip inserted. | ||
| 600 | 1 | 0 |
_aBrauer, Erich, _d1929- _vExhibitions. |
| 710 | 2 | _aMarlborough Gallery. | |
| 856 | 4 | 1 |
_uhttp://www.archive.org/details/braueroilsgouach00brau _zFree eBook from the Internet Archive |
| 856 | 4 | 2 |
_uhttp://www.openlibrary.org/books/OL5761943M _zAdditional information and access via Open Library |
| 029 | 1 |
_aNLGGC _b780884019 |
|
| 029 | 1 |
_aAU@ _b000000559789 |
|
| 029 | 1 |
_aAU@ _b000022159908 |
|
| 942 | _cEB | ||
| 506 | _fНеобхідна авторизація на https://archive.org/ (створення облікового запису безкоштовно) | ||
| 506 | _fНеобхідна авторизація на https://openlibrary.org/ (створення облікового запису безкоштовно) | ||
| 999 |
_c476297 _d476297 |
||